Everyday Cars - Statistics

General Stats
  • This quiz has been taken 8 times
  • The average score is 21 of 51
Answer Stats
Picture Answer % Correct
Audi R8
86%
Jeep Wrangler
86%
GMC Sierra
71%
Honda Civic
71%
Rolls Royce Phantom
71%
Subaru Outback
71%
Toyota Corolla
71%
Ford Mondeo
57%
Ford Ranger
57%
Kia Soul
57%
Kia Stinger
57%
Mazda CX-5
57%
Mazda MX-5
57%
Tesla Model Y
57%
Toyota Prius
57%
Abarth 124 Spider
43%
Cadillac CTS-V
43%
Dodge Caravan
43%
Honda Element
43%
Honda Fit
43%
Honda Odyssey
43%
Mercedes 300SL
43%
Nissan Cube
43%
Ram 1500
43%
Subaru Forester
43%
Subaru WRX
43%
Suzuki Swift
43%
Toyota Camry
43%
Toyota Hilux
43%
Toyota Tacoma
43%
Toyota Yaris
43%
Citroen Berlingo
29%
Ford Maverick
29%
Hyundai Sonata
29%
Kia EV9
29%
Lexus LS400
29%
Subaru Legacy
29%
Volkswagen Golf GTI
29%
Volkswagen Jetta
29%
Volkswagen Passat W8
29%
Volkswagen Rabbit
29%
ZAZ-968
29%
Audi S4
14%
Fiat 126
14%
Holden Combo
14%
Holden VB Commodore
14%
Hyundai Tucson
14%
LuAZ-1302
14%
Mitsubishi Magna
14%
Mustang Mach E
14%
Mercedes-Benz SLK 230
0%
No matching quizzes found
Score Distribution
Percent of People with Each Score
Percentile by Number Answered
Your Score History
You have not taken this quiz